| 000 | 00632cam a22002174a 4500 | ||
|---|---|---|---|
| 001 | 4522001 | ||
| 003 | OSt | ||
| 005 | 20150727144455.0 | ||
| 008 | 990330s2000 enk 001 0 eng | ||
| 020 | _a0195132653 | ||
| 040 | _aSEKU | ||
| 050 | 0 | 0 |
_aKF 387 _b.F4 |
| 100 | 1 | _aFeinman, Jay M. | |
| 245 | 1 | 0 |
_aLaw 101 : _beverything you need to know about the American legal system _cJay M. Feinman. |
| 246 | 3 | _aLaw one hundred one | |
| 246 | 3 | _aLaw one hundred and one | |
| 260 |
_aOxford ; _aNew York : _bOxford University Press, _c2000. |
||
| 300 | _a 353 p. | ||
| 650 | 0 |
_aLaw _zUnited States _vPopular works. |
|
| 942 |
_2lcc _cGEN |
||
| 999 |
_c7263 _d7263 |
||